000 01081cab a2200277 4500
001 ABS49667
008 090401t1993 xxu||||| |||| 00| 0 eng d
035 _a(Sirsi) u72231
041 _aeng
100 _aWalter, P.
245 _aAccelerated possession
260 _c1993
350 _a0
490 _aLaw Society`s Gazette
_v90(42) 17 November 1993, 19-27(3)
520 _aThe County Court (Amendment No 3) Rules 1993 allows possession orders to be made without a hearing but on affidavit evidence. This change of procedure for claims against assured shorthold tenants is examined here.
650 _aACCELERATED POSSESSION PROCEDURE
650 _aASSURED SHORTHOLD TENANCIES
650 _aCOUNTY COURT (AMENDMENT NO 3) RULES 1993
650 _aHOUSING ACT 1988 S21
650 _aPOSSESSION ORDERS
650 _aPOSSESSION
650 _aPROPERTY-RESIDENTIAL PROPERTY-RESIDENTIAL LANDLORD AND TENANT-RESIDENTIAL TENANCIES
690 _aPROPERTY-RESIDENTIAL PROPERTY-RESIDENTIAL LANDLORD AND TENANT-RESIDENTIAL TENANCIES
942 _n0
948 _c04/03/1997
999 _c45607
_d45607